000 00685nam a22002417a 4500
003 UA-OsUOA
001 54326
007 ta
008 20170830b un ||||| |||| 00| 0 ukr d
100 _aКрименко Є.
090 _a82-1
_bК82
942 _cBK
040 _aUA-OsUOA
_bukr
_cUA-OsUOA
_dUA-OsUOA
245 _aМістерія життя
_bпоезії
300 _a84 с.
955 _a3
041 _aukr
080 _a82-1
260 _aЧікаго
_c1991
650 7 _a82 Література. Літературознавство
_2UDC
999 _c434443
_d434443